Normal view
MARC view
Entry Personal Name
001 - CONTROL NUMBER
- control field: 52273
003 - CONTROL NUMBER IDENTIFIER
- control field: ARRUPE
005 - DATE AND TIME OF LATEST TRANSACTION
- control field: 20230329153338.0
008 - FIXED-LENGTH DATA ELEMENTS
- fixed length control field: 230329|| aca||aabn | a|a d
040 ## - CATALOGING SOURCE
- Original cataloging agency: ARRUPE
- Transcribing agency: ARRUPE
100 ## - HEADING--PERSONAL NAME
- Personal name: Dadosky G. John
670 ## - SOURCE DATA FOUND
- Source citation: Work cat.: (ARRUPE)131718: Dadosky G. John., Collected works of Bernard Lonaergan;